000 01304nam a22002897a 4500
003 OSt
005 20260110002620.0
008 260110b ||||| |||| 00| 0 eng d
040 _bEnglish.
_cCvSU-CCAT Campus Library.
_erda.
050 _aUM HD 4904.7
_bA85 2022
100 _aAsia, Jomar L., author.
_917657
245 _aAssessment of workplace towards employees productivity in selected hotels in Cavite /
_cJomar L. Asia, Dianne T. Bayani.
260 _aRosario, Cavite :
_bCavite State University-CCAT Campus,
_c2022.
300 _aix, 87 leaves :
_billustrations ;
_c28 cm
500 _aUndergraduate Thesis (BSHM) -- Cavite State University-CCAT Campus, 2022.
504 _aIncludes bibliographical references and appendices.
546 _aIn English text
650 _aEmployee productivity -- Philippines -- Cavite.
_917658
650 _aHotels -- Employees -- Philippines -- Cavite.
_917659
650 _aWork environment -- Philippines.
_917660
650 _aHospitality industry -- Management -- Philippines.
_917661
700 _aBayani, Dianne T., author.
_917662
700 _aDela Rea, Kirk T., adviser.
_99010
700 _aVilla, John Leo-vy P., technical critic.
_99055
942 _2lcc
_cT/M/D
_hHD 4904.7 A85 2022
_kUM
999 _c4479
_d4479